000 00889nam0a22002891 4500
001 rc\267805
005 20250621002006.0
010 _a5-7655-0199-0
_915000
035 _a(NLR Aleph) 005473805
090 _a5071072
_c5071072
100 _a20030307d1991 |||y0rusy50 ca
101 0 _arus
102 _aRU
105 _ay |||||||||
200 1 _aРусско-тувинский разговорник
_f[Составитель Е.Б. Салзынмаа]
205 _a[3-е изд., доп.]
210 _aКызыл
_cТувин. кн. изд-во
_d1991
215 _a116, [1] с.
_d17
300 _aЗагл. также: тувин.
702 1 _aСалзынмаа
_bЕ.Б.
_gЕлизавета Боракаевна
_4220
801 0 _aRU
_bNLR
_gpsbo
801 1 _aRU
_bELAR
_2rusmarc
852 _aNLR
_bОНЛ
852 _aNLR
_jОНЛ
942 _cBOOK
980 _aNB